Państwa Europy po ich miastach - Statystyki

Ogólne statystyki
  • Ten quiz został rozwiązany 83 razy
  • Średni wynik to 15 z 17
Statystyki odpowiedzi
City Country % Poprawnych
Kraków Polska
100%
Marseille Francja
99%
Munich Niemcy
99%
Zurich Szwajcaria
97%
Bilbao Hiszpania
96%
Lviv Ukraina
96%
Venice Włochy
94%
Dubrovnik Chorwacja
93%
Istambul Turcja
93%
Linz Austria
92%
Brno Czechy
92%
Thessaloniki Grecja
89%
Edinburgh Wielka Brytania
88%
Cluj-Napoca Rumunia
83%
Bergen Norwegia
82%
Novi Sad Serbia
76%
Nitra Słowacja
72%
Nie znaleziono quizów pasujących do podanych kryteriów
Rozkład punktacji
Procent ludzi z każdym wynikiem
Percentyl według liczby udzielonych odpowiedzi
Twoja historia wyników
Nie rozwiązałeś tego quizu